000
00407nam a2200133Ia 4500
008
100328s9999 xx 000 0 und d
082
_b
58864
100
_a
आशू रावजी आणि कानडे दिनू.
245
_a
नंदिनी.
260
_b
डॉल्फिन लायब्ररी.
630
_a
नंदिनी.
730
_a
नंदिनी.
942
_c
BOOK
999
_c
545147
_d
545144